[Event "71st MNE-ch 2019"]
[Site "Podgorica"]
[Date "2019.05.20"]
[Round "3.16"]
[White "Popovic, Mateja"]
[Black "Sabotic, Denis"]
[Result "1-0"]
[WhiteElo "1436"]
[BlackElo "1682"]
[Annotator "NA RC"]
[PlyCount "81"]
[EventDate "2019.05.18"]
[EventType "swiss"]
[EventRounds "9"]
[EventCountry "MNE"]
[SourceTitle "playchess.com"]
[Source "ChessBase"]
[SourceQuality "1"]
[TimeControl "40/5400+30:1800+30"]

1. d4 Nf6 2. Nf3 d5 3. c4 Nc6 4. cxd5 Qxd5 5. Nc3 Qa5 6. Bd2 Qb6 7. Na4 Qb5 8. e4 Qh5 9. Nc3 Nxd4 10. Nxd4 Qg6 11. Bb5+ Bd7 12. Bxd7+ Nxd7 13. O-O e6 14. Ndb5 O-O-O 15. Qc2 a6 16. Nd4 Ne5 17. Bf4 Bd6 18. Bxe5 Bxe5 19. Nf3 Bd6 20. Rac1 c6 21. e5 Bc7 22. Qxg6 hxg6 23. Rfd1 f6 24. exf6 gxf6 25. Ne4 g5 26. Nxf6 Rdf8 27. Ng4 Rf5 28. Nd4 Rf4 29. h3 e5 30. Ne6 Ra4 31. Nxc7 Kxc7 32. a3 e4 33. Nf6 b5 34. Rd7+ Kb6 35. Rg7 Rd8 36. Nd7+ Rxd7 37. Rxd7 b4 38. Rc4 Kb5 39. Rxb4+ Rxb4 40. axb4 Kxb4 41. Rb7+ 1-0

[Event "71st MNE-ch 2019"]
[Site "Podgorica"]
[Date "2019.05.21"]
[Round "4.1"]
[White "Blagojevic, Dragisa"]
[Black "Kalezic, Blazo"]
[Result "1/2-1/2"]
[WhiteElo "2499"]
[BlackElo "2450"]
[Annotator "TA"]
[PlyCount "133"]
[EventDate "2019.05.18"]
[EventType "swiss"]
[EventRounds "9"]
[EventCountry "MNE"]
[SourceTitle "playchess.com"]
[Source "ChessBase"]
[SourceQuality "1"]

{[%evp 22,133,30,25,34,0,0,0,0,0,32,16,43,0,0,4,26,26,34,29,45,44,40,39,45,38,95,30,30,24,33,41,51,0,46,45,50,39,42,36,43,6,6,4,39,39,39,0,41,0,41,0,43,27,31,42,56,56,59,56,87,87,99,99,99,86,99,99,121,121,121,121,121,121,121,121,121,121,121,121,121,121,121,121,121,0,8,0,0,0,79,0,0,0,0,0,0,0,0,0,0,0,0,0,0,0,0,0,0,0,0,0,0,0]} 1. d4 d5 2. c4 c6 3. e3 Nf6 4. Nc3 e6 5. Nf3 Nbd7 6. Qc2 Bd6 7. Bd3 dxc4 8. Bxc4 O-O 9. O-O b5 10. Be2 Bb7 11. Rd1 Qc7 12. e4 {[#] Strongly threatening e5.} e5 {D46: Semi-Slav: 5 e3 Nbd7 6 Bd3, Black avoids the Meran} 13. g3 (13. Bg5 Rfe8 14. dxe5 Nxe5 15. Bxf6 Nxf3+ 16. Bxf3 gxf6 17. g3 Rad8 18. Rac1 a6 19. Bg4 Qe7 20. Bf5 {½-½ (35) Roselli Mailhe,B (2454)-Mareco,S (2651) Montevideo 2019}) 13... Rfe8 14. dxe5 Nxe5 15. Bg5 b4 16. Bxf6 gxf6 17. Nb1 {[%cal Bc3b1,Bb1d2,Bd2c4][%mdl 32]} c5 18. Nbd2 a5 $146 (18... f5 $5) ({Predecessor:} 18... Rad8 19. Nh4 c4 20. Rac1 {0-1 (73) Duchardt,A-Hildebrand,G (2343) ICCF email 2013}) 19. Rac1 Nxf3+ 20. Bxf3 a4 21. Nc4 Bf8 22. Bg2 Bc6 23. Qe2 Re6 (23... Rad8 $14) 24. f3 ({White should try} 24. Qh5 $16) 24... Ree8 $11 25. Ne3 a3 26. b3 Rad8 27. Rxd8 ({Better is} 27. Re1 $14) 27... Qxd8 28. Rd1 Qb6 {[#] White must now prevent ...c4!} 29. Nc4 Qc7 30. Bf1 Rd8 31. Rxd8 Qxd8 32. Qd2 Qc7 33. Kf2 Bb5 34. Ne3 Bc6 35. Nc4 Bb5 36. Ne3 Bc6 37. Ng4 $36 {[%mdl 2048] White has the initiative.} Bg7 38. Bc4 Bd7 39. Ne3 Be6 40. f4 Bf8 41. Qd3 Bxc4 42. Nxc4 Qc8 43. Kg2 Qe6 44. Ne3 Qc6 45. Qd5 Qa6 46. Kf3 Qc8 47. g4 h6 48. Nc4 Kg7 49. h3 Be7 50. Ne3 {Nf5+ is the strong threat.} Kg8 51. Kg3 Bf8 52. Nc4 Kg7 53. e5 (53. Qd3 $16) 53... fxe5 $1 54. fxe5 (54. Nxe5 {with more complications.} Qc7 55. Kf3 Qe7 56. h4 Kg8 57. g5) 54... Qa6 55. Kf3 (55. h4 {seems wilder.} Qg6 56. Nd6 h5 57. g5 Kg8 58. Kf4) 55... h5 (55... Kg8 $11) 56. Qe4 (56. gxh5 $16 Qh6 57. Kg4) 56... hxg4+ {The position is equal.} 57. Qxg4+ Kh7 58. Qf5+ Kg8 59. Qg5+ Bg7 60. Qd8+ Kh7 61. Qd5 Qh6 62. Qxf7 {aiming for Qf5+.} Qxh3+ 63. Ke4 Qg2+ 64. Qf3 Qxa2 65. Qh5+ Kg8 66. Qe8+ Kh7 67. Qh5+ {Accuracy: White = 63%, Black = 68%.} 1/2-1/2

[Event "71st MNE-ch 2019"]
[Site "Podgorica"]
[Date "2019.05.21"]
[Round "4.2"]
[White "Draskovic, Luka"]
[Black "Djukic, Nikola"]
[Result "1/2-1/2"]
[WhiteElo "2430"]
[BlackElo "2552"]
[Annotator "TA"]
[PlyCount "98"]
[EventDate "2019.05.18"]
[EventType "swiss"]
[EventRounds "9"]
[EventCountry "MNE"]
[SourceTitle "playchess.com"]
[Source "ChessBase"]
[SourceQuality "1"]

{[%evp 17,98,16,12,-13,-10,-12,-6,-8,-8,-8,-7,-14,-11,-14,0,0,0,-1,-4,-5,0,-9,-6,-14,0,-12,-8,-11,-7,-12,0,0,3,0,6,0,0,0,0,0,0,0,0,0,0,-2,0,0,2,0,0,-5,-8,-7,0,0,0,-10,-10,-35,-35,-35,-35,-54,-19,-29,-22,-32,-22,-38,-36,-46,-23,-23,-23,-118,-32,-72,0,-112,-42,-25,0]} 1. d4 Nf6 2. c4 e6 3. Nf3 b6 4. g3 Ba6 5. b3 Bb4+ 6. Bd2 Be7 7. Bg2 c6 8. O-O d5 9. Qc2 Nbd7 10. cxd5 {E15: Queen's Indian: 4 g3 sidelines, 4 g3 Ba6 and 4 g3 Bb7 early deviations} (10. Rd1 Rc8 11. a4 O-O 12. Na3 Bb7 13. Qb2 c5 14. Be1 Re8 15. e3 cxd4 16. Nxd4 a6 17. a5 Qc7 18. axb6 Qxb6 19. cxd5 Bxd5 20. Bxd5 Nxd5 {1-0 (67) Yu,Y (2751)-Ivanchuk,V (2726) Huaian 2017}) 10... cxd5 11. Nc3 Rc8 12. Qb2 {The position is equal.} Ne4 13. Rfc1 Nxd2 14. Nxd2 O-O 15. e3 Nb8 {[#]} 16. b4 $146 ({Predecessor:} 16. a3 Bd3 17. Bf1 Bxf1 18. Nxf1 {½-½ (58) Abdusattorov,N (2516)-Petrosyan,M (2570) chess.com INT 2018}) 16... Bd3 17. Qb3 {[%cal Rc3d5] Threatening Nxd5.} Bf5 18. Bf1 Qd6 19. a3 a6 20. Qb2 Rc7 21. Na2 Rfc8 22. Rxc7 Rxc7 23. Rc1 f6 24. Rc3 Kf8 25. Qc1 Bd8 26. Be2 Rxc3 27. Nxc3 Qc7 28. Qb2 Be7 29. Kg2 Bg6 30. Bg4 Bf7 31. Be2 Be8 32. Bd3 h6 33. Ne2 g5 34. Nc3 Kg7 35. Kg1 Qa7 36. Bb1 Nd7 37. Qc2 {[#] White wants to mate with Qh7+.} Nf8 38. Qb2 a5 39. b5 Qc7 40. Bd3 Qd6 41. a4 Qc7 42. Na2 Bh5 43. Qb1 e5 44. Bf5 e4 45. Qb3 Bf7 46. Nc3 (46. f3 $11) 46... Qd6 (46... Bb4 $17 47. Ndb1 Ng6) 47. Bc8 {With the idea Bb7.} Qc7 (47... Qb8 $5 {[%cal Rb8c8]} 48. Bg4 Qc7 $15) 48. Bf5 Qd8 (48... Bb4 $17 49. Ndb1 Ng6) 49. Qc2 $15 Qc7 {Accuracy: White = 53%, Black = 53%.} 1/2-1/2

[Event "71st MNE-ch 2019"]
[Site "Podgorica"]
[Date "2019.05.21"]
[Round "4.3"]
[White "Sukovic, Andrej"]
[Black "Nikcevic, Nebojsa"]
[Result "1/2-1/2"]
[WhiteElo "2221"]
[BlackElo "2435"]
[Annotator "TA"]
[PlyCount "76"]
[EventDate "2019.05.18"]
[EventType "swiss"]
[EventRounds "9"]
[EventCountry "MNE"]
[SourceTitle "playchess.com"]
[Source "ChessBase"]
[SourceQuality "1"]

{[%evp 30,76,14,10,8,4,6,0,0,0,0,-14,-1,-16,121,124,147,80,202,179,173,165,166,204,201,151,150,145,145,144,172,173,169,124,150,131,176,175,197,177,214,157,157,150,221,221,221,221,210]} 1. e4 e5 2. Nf3 Nc6 3. Bb5 a6 4. Ba4 Nf6 5. O-O Be7 6. Re1 b5 7. Bb3 d6 8. c3 O-O 9. h3 Bb7 10. d4 Re8 11. a4 h6 12. Nbd2 Bf8 13. Bc2 exd4 14. cxd4 Nb4 15. Bb1 c5 16. d5 g6 {C92: Closed Ruy Lopez: 9...Be6, Karpov and Flohr-Zaitsev Variations} (16... Nd7 17. Ra3 c4 18. axb5 axb5 19. Nd4 Rxa3 20. bxa3 Nd3 21. Bxd3 cxd3 22. Bb2 Nc5 23. Bc3 Qb6 24. Re3 Bc8 25. N4b3 Qa6 26. Bb4 Qa4 27. Qb1 f5 28. exf5 Rxe3 29. fxe3 Bxf5 30. Nd4 Bd7 31. N4f3 Bf5 {½-½ (31) Yu,Y (2750)-Harikrishna,P (2758) Shenzhen 2017}) 17. Nf1 Bg7 18. Bd2 {[#]} Nfxd5 $1 {[%mdl 512] The position is equal.} 19. exd5 Rxe1 20. Nxe1 $146 {aiming for Qc1.} ({Predecessor:} 20. Qxe1 Bxb2 21. Bc3 Bxa1 22. Bxa1 Qf8 23. Qc3 Kh7 24. Nh4 Nxd5 {½-½ (46) Lanz Calavia,J-Roche Peris,E AEAC email 2000}) 20... Bxb2 21. Be4 {And now Rb1 would win.} Qf6 ({Much weaker is} 21... Bxd5 $6 22. Rb1 $16) (21... Bxa1 $11 {keeps the balance.} 22. Qxa1 Qe7) 22. Rb1 $1 $16 Re8 23. Qf3 (23. Bf3 $142) 23... bxa4 {[#]} (23... Bd4 $16 24. Ng3 Qxf3 25. Bxf3 (25. Nxf3 Bg7 $16) 25... Bxd5) 24. Rxb2 $1 $18 {[%mdl 512]} Qxb2 25. Bc3 Qxc3 26. Qxc3 Rxe4 27. Ne3 Nxd5 28. Nxd5 Bxd5 29. Nc2 Rc4 30. Qd2 Be6 31. f4 h5 32. Ne3 {White is clearly better.} Rd4 {[#]} 33. Qa5 $1 Re4 34. f5 Rxe3 35. fxe6 Rxe6 36. Qxa6 Rf6 (36... Kg7 $16 37. Qxa4 Re3) 37. Qxa4 Rf5 38. Qc6 Rf6 {Accuracy: White = 67%, Black = 42%.} 1/2-1/2

[Event "71st MNE-ch 2019"]
[Site "Podgorica"]
[Date "2019.05.21"]
[Round "4.4"]
[White "Drasko, Milan"]
[Black "Stankovic, Zarko"]
[Result "1-0"]
[WhiteElo "2418"]
[BlackElo "2218"]
[Annotator "TA"]
[PlyCount "41"]
[EventDate "2019.05.18"]
[EventType "swiss"]
[EventRounds "9"]
[EventCountry "MNE"]
[SourceTitle "playchess.com"]
[Source "ChessBase"]
[SourceQuality "1"]

{[%evp 10,41,17,13,25,14,42,44,39,41,77,77,88,77,90,93,97,83,141,142,140,130,137,137,415,406,415,371,400,388,370,229,655,645]} 1. Nf3 d5 2. g3 c6 3. Bg2 Bf5 4. O-O Nf6 5. d3 e6 6. b3 Bd6 {A07: Réti Opening: New York and Capablanca Systems} (6... h6 7. Bb2 Be7 8. Nbd2 O-O 9. c4 a5 10. a3 Bh7 11. Qc2 Na6 12. Ne5 Nd7 13. Nxd7 Qxd7 14. Nf3 Rfc8 15. Bc3 Qd8 16. Qb2 Bf6 17. Ne5 Nc5 18. Bd4 Qd6 19. f4 dxc4 20. dxc4 Nxb3 21. Qxb3 Qxd4+ {0-1 (49) Caruana,F (2808)-Grischuk,A (2761) Paris 2017}) 7. Bb2 Qc7 8. Nbd2 Nbd7 {White is slightly better.} 9. Qe1 e5 $146 ({Predecessor:} 9... Bb4 10. a3 Ba5 11. b4 Bb6 12. c4 dxc4 13. dxc4 {1-0 (37) Sheppard,D-Dunn,N Parsippany 2003}) 10. e4 Be6 11. d4 Nxe4 12. Nxe4 dxe4 13. Ng5 Bf5 (13... Nf6 $142) 14. Bxe4 $16 Bxe4 15. Qxe4 {Threatens to win with dxe5.} Be7 16. Qf5 O-O-O $2 {[%mdl 8192]} (16... Bxg5 $16 {might work better.} 17. Qxg5 O-O) 17. Nxf7 $18 {[%mdl 64] [#] Double Attack} Rhf8 18. dxe5 g6 19. Qe6 Rde8 20. Rae1 h5 $2 {[#]} (20... Ba3 21. Nd6+ Bxd6 22. Qxd6 Qxd6 23. exd6 Kd8) 21. Qxg6 1-0

[Event "71st MNE-ch 2019"]
[Site "Podgorica"]
[Date "2019.05.21"]
[Round "4.5"]
[White "Vujacic, Igor"]
[Black "Pecurica, Milos"]
[Result "1/2-1/2"]
[WhiteElo "2205"]
[BlackElo "2365"]
[Annotator "TA"]
[PlyCount "121"]
[EventDate "2019.05.18"]
[EventType "swiss"]
[EventRounds "9"]
[EventCountry "MNE"]
[SourceTitle "playchess.com"]
[Source "ChessBase"]
[SourceQuality "1"]

{[%evp 14,121,20,24,27,18,47,29,43,30,24,0,0,0,0,0,0,-7,42,20,17,10,40,47,83,81,85,89,98,37,70,0,44,29,56,53,56,45,56,22,21,0,0,-21,-13,-44,-38,-143,-122,-122,-114,-114,-114,-114,-114,-156,-146,-150,-154,-160,-154,-156,-22,-22,-22,-22,-22,-24,-24,-26,-33,-57,-45,-117,-117,-117,-117,-151,-151,-152,-117,-117,-117,-117,-117,-117,-117,-117,-117,-117,-117,-117,-67,-78,-67,-67,-67,-77,-43,-52,-6,0,0,-105,-105,-106,-106,-119,0,-8]} 1. e4 c6 2. d4 d5 3. Nc3 dxe4 4. Nxe4 Nf6 5. Nxf6+ exf6 6. c3 Bd6 7. Bd3 O-O 8. Qc2 (8. Be3 {is more complex.} Re8 9. Qc2 h6 10. Ne2 Qc7 11. h3) 8... Re8+ {B15: Caro-Kann: 3 Nc3: 3...g6 and 3...dxe4 4 Nxe4 Nf6 5 Nxf6+ exf6} 9. Ne2 (9. Be3 h6 10. Ne2 Na6 11. O-O Nc7 12. c4 Bg4 13. h3 Bxe2 14. Bxe2 Ne6 15. Rad1 Qc7 16. Bg4 Rad8 17. Rfe1 Bf4 18. Bxf4 Nxf4 19. Rxe8+ Rxe8 {½-½ (58) Svidler,P (2756)-Carlsen,M (2839) Porto Carras 2018}) 9... h5 10. Be3 Nd7 {White has an edge.} 11. Ng3 Nb6 12. O-O-O Nd5 13. Bd2 Nf4 14. Bxf4 Bxf4+ 15. Kb1 {[#]} Be6 $146 ({Predecessor:} 15... Qa5 16. Bh7+ {0-1 (89) Abdumalik,Z (2420)-Lenderman,A (2587) Saint Louis 2017}) 16. d5 cxd5 17. Nxh5 Bh6 (17... Be5 {keeps more tension.} 18. f4 Bg4 19. Be4 Bxh5 20. Rxd5 Qb6) 18. Ng3 Rc8 19. Nf5 Bxf5 20. Bxf5 Rc5 21. g3 (21. Bh7+ $16 Kf8 22. Be4 $1 {[%mdl 512]}) 21... b5 22. Rd4 (22. Rhe1 $14) 22... Rc4 (22... g6 {is interesting.} 23. Bd3 f5 24. h4 Bg7 25. Rb4 d4) 23. Qd3 Rxd4 24. Qxd4 g6 25. Bd3 a6 26. Rd1 f5 27. Bf1 Bg7 28. Qd3 Qb6 29. f4 b4 $36 {[%mdl 2048] Black fights for an advantage.} 30. Qxa6 (30. cxb4 $15 Qxb4 31. Qb3) 30... Qf2 $1 $17 31. Qb5 Re1 32. Rxe1 Qxe1+ {[%mdl 64] Double Attack} 33. Kc2 bxc3 34. Qe2 {[#]} Qa1 $1 {[%mdl 576] Double Attack} 35. bxc3 Qxc3+ 36. Kd1 Qa1+ 37. Kd2 Qxa2+ (37... Bd4 $17 38. Bg2 Qxa2+ 39. Ke1 Qa1+ 40. Qd1 Qb2) 38. Ke3 $1 $11 Qb1 39. Kf2 Qe4 40. Qf3 Bd4+ 41. Kg2 $1 Be3 42. Bb5 d4 43. Bc6 ({Better is} 43. Bc4 $1 $15) 43... Qc2+ $17 44. Kh3 Bg1 $1 {[%csl Gg1][%cal Rc2h2]} 45. Qg2 d3 $1 {[%cal Rd3d2] Hoping for ...d2.} 46. Bf3 Bd4 47. Qf1 Kf8 48. Qe1 d2 49. Qe2 Bg1 50. Qd1 Qc1 51. Kg2 Be3 52. Kh3 f6 53. Qe2 g5 54. fxg5 fxg5 {aiming for ...g4+.} 55. g4 Qe1 {( -> ...Bg1)} 56. gxf5 Bf4 {Threatens to win with ...Qh4+.} 57. Kg2 Qh4 58. Kg1 {[#]} (58. Qd3 $11 {remains equal.} Qxh2+ 59. Kf1) 58... g4 $1 {[%cal Rg4f3][%mdl 512]} 59. Bxg4 {[#]} Bxh2+ $1 {[%mdl 512]} 60. Kf1 (60. Qxh2 Qxg4+) 60... Bf4 ({Black should play} 60... Qg3 $17 {[%csl Gh2][%cal Rg3g1]} 61. Qxd2 Qg1+ 62. Ke2 Qxg4+ {[%mdl 64] Double Attack} 63. Kd3 Qxf5+ 64. Kc4 Be5) 61. Qf3 {Accuracy: White = 45%, Black = 60%.} 1/2-1/2

[Event "71st MNE-ch 2019"]
[Site "Podgorica"]
[Date "2019.05.21"]
[Round "4.6"]
[White "Kisic, Bozidar"]
[Black "Kontic, Djordjije"]
[Result "1/2-1/2"]
[WhiteElo "2200"]
[BlackElo "2264"]
[Annotator "RC"]
[PlyCount "29"]
[EventDate "2019.05.18"]
[EventType "swiss"]
[EventRounds "9"]
[EventCountry "MNE"]
[SourceTitle "playchess.com"]
[Source "ChessBase"]
[SourceQuality "1"]
[TimeControl "40/5400+30:1800+30"]

1. d4 Nf6 2. c4 c5 3. d5 e5 4. Nc3 d6 5. e4 Be7 6. Bd3 Nbd7 7. Nge2 h6 8. O-O a6 9. a4 Rb8 10. b3 Nf8 11. a5 g5 12. Bd2 Ng6 13. Ng3 Nf4 14. Bc2 Bg4 15. f3 1/2-1/2

[Event "71st MNE-ch 2019"]
[Site "Podgorica"]
[Date "2019.05.21"]
[Round "4.7"]
[White "Musovic, Armin"]
[Black "Vujovic, Savo"]
[Result "1-0"]
[WhiteElo "2297"]
[BlackElo "1940"]
[Annotator "RC"]
[PlyCount "135"]
[EventDate "2019.05.18"]
[EventType "swiss"]
[EventRounds "9"]
[EventCountry "MNE"]
[SourceTitle "playchess.com"]
[Source "ChessBase"]
[SourceQuality "1"]
[TimeControl "40/5400+30:1800+30"]

1. e4 c5 2. c3 Nf6 3. e5 Nd5 4. d4 cxd4 5. Nf3 Nc6 6. Bc4 Nb6 7. Bb3 d5 8. exd6 Qxd6 9. cxd4 Be6 10. O-O Bxb3 11. Qxb3 e6 12. Nc3 Be7 13. Rd1 Nb4 14. a3 N4d5 15. Ne4 Qc7 16. Qb5+ Qd7 17. Qe2 O-O 18. Ne5 Qd8 19. Rd3 Nf6 20. Bg5 Nxe4 21. Bxe7 Qxe7 22. Qxe4 Nd5 23. Re1 Rac8 24. Rg3 Qf6 25. Rf3 Qh6 26. Rh3 Nf6 27. Qb1 Qd2 28. Ng4 Rfd8 29. Nxf6+ gxf6 30. Qxh7+ Kf8 31. Rf1 Qxd4 32. Rg3 Ke7 33. Rg7 Rf8 34. h4 Rc5 35. Re1 Qd2 36. Qe4 Rc6 37. Re2 Qc1+ 38. Kh2 Qc4 39. Rg4 Rfc8 40. Qf3 Qc5 41. Rf4 Rh8 42. g3 Rh6 43. b4 Qh5 44. Rxf6 Qxf3 45. Rxf3 Rh5 46. Ree3 a5 47. bxa5 Rxa5 48. Rb3 b6 49. Rf4 Rc7 50. g4 Rca7 51. Rbf3 Ke8 52. Kg2 Kf8 53. Rb3 Rxa3 54. Rxb6 R3a4 55. Kg3 Rxf4 56. Kxf4 Kg7 57. Rb8 Ra4+ 58. Kg3 Ra3+ 59. f3 Rc3 60. Re8 Rb3 61. g5 Rb4 62. h5 Rb7 63. Kg4 Rb4+ 64. f4 Ra4 65. h6+ Kh7 66. Rf8 Ra7 67. Kh5 Rc7 68. Rxf7+ 1-0

[Event "71st MNE-ch 2019"]
[Site "Podgorica"]
[Date "2019.05.21"]
[Round "4.8"]
[White "Tomic, Aleksandar"]
[Black "Milovic, Jovan"]
[Result "1-0"]
[WhiteElo "2357"]
[BlackElo "2280"]
[Annotator "RC"]
[PlyCount "46"]
[EventDate "2019.05.18"]
[EventType "swiss"]
[EventRounds "9"]
[EventCountry "MNE"]
[SourceTitle "playchess.com"]
[Source "ChessBase"]
[SourceQuality "1"]
[TimeControl "40/5400+30:1800+30"]

1. d4 e5 2. dxe5 d6 3. Nf3 Nc6 4. e4 Bg4 5. Bb5 Qd7 6. h3 Bh5 7. Bf4 O-O-O 8. O-O h6 9. Nc3 g5 10. Bg3 Qe8 11. Bxc6 bxc6 12. exd6 Bxd6 13. Bxd6 Rxd6 14. Qe2 g4 15. Nh4 f5 16. Nxf5 gxh3 17. Nxd6+ cxd6 18. g4 Nf6 19. f3 Bf7 20. Rad1 Kc7 21. Qe3 Qb8 22. Qf4 Qb6+ 23. Kh1 Qxb2 1-0

[Event "71st MNE-ch 2019"]
[Site "Podgorica"]
[Date "2019.05.21"]
[Round "4.9"]
[White "Lekic, Dusan"]
[Black "Marsenic, Lazar"]
[Result "1-0"]
[WhiteElo "2352"]
[BlackElo "2047"]
[Annotator "TA"]
[PlyCount "59"]
[EventDate "2019.05.18"]
[EventType "swiss"]
[EventRounds "9"]
[EventCountry "MNE"]
[SourceTitle "playchess.com"]
[Source "ChessBase"]
[SourceQuality "1"]

{[%evp 9,59,31,52,37,28,36,27,13,22,0,45,40,47,39,154,0,0,0,0,-70,-8,-104,-24,-97,-87,-103,-86,-98,0,-51,20,-29,0,-22,95,48,68,59,423,418,408,417,425,417,394,406,391,404,399,381,530,529]} 1. d4 Nf6 2. c4 g6 3. f3 Nc6 4. d5 Ne5 5. e4 d6 6. Nc3 {E60: King's Indian: Unusual lines and Fianchetto Variation without Nc3} Bg7 7. f4 Ned7 8. Nh3 {White has an edge.} O-O 9. Be3 $146 ({Predecessor:} 9. Be2 Nc5 10. Nf2 e6 11. dxe6 fxe6 {½-½ (51) Cheparinov,I (2703)-Najer,E (2706) Kocaeli 2017}) 9... e6 10. dxe6 fxe6 11. Be2 Nc5 (11... Qe7 $14) 12. Nf2 $2 ({White should try} 12. Bxc5 $1 $16 dxc5 13. Qxd8 Rxd8 14. e5) 12... b6 $11 13. Qc2 Bb7 14. Rg1 (14. Bf3 $11) 14... Qe7 (14... Nfd7 $15) 15. g4 (15. O-O-O $11 {keeps the balance.}) 15... g5 (15... Nfd7 $17 16. O-O-O Bxc3 17. Qxc3 Nxe4 18. Nxe4 Bxe4) 16. e5 (16. fxg5 $11 Nfd7 17. O-O-O) 16... Nfd7 $17 17. exd6 cxd6 18. fxg5 Ne5 (18... d5 $1 $17 {[%cal Rd5d4] And now ...d4 would win.} 19. O-O-O d4 $1 {[%mdl 512]} 20. Rxd4 Bxd4 21. Bxd4 Qxg5+ 22. Qd2 Qxd2+ 23. Kxd2 Rad8) 19. Rg3 (19. O-O-O $11) 19... Rac8 (19... d5 $15) 20. Rh3 Bh8 21. Nfe4 Rf7 (21... Nxe4 $11 22. Nxe4 Rc7) 22. Nxc5 bxc5 23. O-O-O Nf3 $2 {[%mdl 8192]} (23... Rcf8 $14) 24. g6 $18 hxg6 25. Qxg6+ Rg7 26. Qh5 Rh7 {[#]} 27. Qxh7+ $1 ({But not} 27. Qg6+ Rg7 $18) 27... Qxh7 28. Rxh7 Kxh7 29. Rxd6 {Threatens to win with Rd7+.} Ne5 30. Rxe6 {Accuracy: White = 36%, Black = 26%.} 1-0

[Event "71st MNE-ch 2019"]
[Site "Podgorica"]
[Date "2019.05.21"]
[Round "4.10"]
[White "Nikac, Predrag"]
[Black "Ljeskovic, Luka"]
[Result "1-0"]
[WhiteElo "2319"]
[BlackElo "1710"]
[Annotator "TA"]
[PlyCount "47"]
[EventDate "2019.05.18"]
[EventType "swiss"]
[EventRounds "9"]
[EventCountry "MNE"]
[SourceTitle "playchess.com"]
[Source "ChessBase"]
[SourceQuality "1"]

{[%evp 10,47,-7,0,4,-25,32,22,25,34,31,33,35,40,45,35,35,27,32,25,36,36,49,42,96,79,110,110,115,93,117,100,125,56,75,75,111,114,712,695]} 1. g3 d5 2. f4 g6 3. Bg2 Bg7 4. Nf3 c5 5. d3 Nc6 6. O-O Bg4 {A03: Bird's Opening with 1...d5} (6... Nf6 7. Nc3 O-O 8. e4 dxe4 9. dxe4 Qxd1 10. Rxd1 e5 11. Nxe5 Nxe5 12. fxe5 Ng4 13. Nd5 Nxe5 14. Bg5 Bg4 15. Rf1 Be6 16. Nc7 Rac8 17. Nxe6 fxe6 {½-½ (53) Nepomniachtchi,I (2714)-Wojtaszek,R (2744) Beijing 2014}) 7. Nc3 h5 $146 ({Black should play} 7... e6 $11) ({Predecessor:} 7... Bxf3 8. Bxf3 e6 9. e4 Nge7 10. Ne2 O-O 11. c3 b5 12. g4 f5 13. h3 Rb8 14. e5 {0-1 (44) Tirkajla,B (2078)-Kelemen,M (1961) Mali Losinj 2018}) 8. Nh4 $14 Nf6 {The position is equal.} 9. h3 Be6 10. e4 dxe4 11. dxe4 Qd4+ 12. Rf2 Qxd1+ 13. Nxd1 O-O-O 14. Be3 b6 15. Nc3 Na5 16. Re1 Bc4 (16... Nc6 $14) 17. f5 $16 gxf5 18. Nxf5 {[%mdl 64] [#] Double Attack} Bf8 19. Bf4 Rg8 20. Ne3 {e5 is the strong threat.} Ba6 21. b3 (21. e5 $16 Ne8 22. Ne4) 21... Bb7 22. Ned5 Ne8 23. Nb5 Nc6 $2 {[%mdl 8192] [#]} (23... Ba6 $16) 24. Nxa7+ $1 {[%mdl 512] Accuracy: White = 73%, Black = 36%.} 1-0

[Event "71st MNE-ch 2019"]
[Site "Podgorica"]
[Date "2019.05.21"]
[Round "4.11"]
[White "Popadic, Dragan"]
[Black "Karisik, Nenad"]
[Result "1/2-1/2"]
[WhiteElo "2198"]
[BlackElo "2128"]
[Annotator "RC"]
[PlyCount "41"]
[EventDate "2019.05.18"]
[EventType "swiss"]
[EventRounds "9"]
[EventCountry "MNE"]
[SourceTitle "playchess.com"]
[Source "ChessBase"]
[SourceQuality "1"]
[TimeControl "40/5400+30:1800+30"]

1. e4 e5 2. Nf3 Nc6 3. Bb5 a6 4. Ba4 Nf6 5. O-O Be7 6. Re1 b5 7. Bb3 d6 8. c3 O-O 9. d3 Na5 10. Bc2 c5 11. Nbd2 Re8 12. Nf1 h6 13. Ng3 Bf8 14. h3 Bb7 15. d4 cxd4 16. cxd4 Qc7 17. d5 Bc8 18. Bd3 Bd7 19. Bd2 Rec8 20. Qe2 Nc4 21. Rec1 1/2-1/2

[Event "71st MNE-ch 2019"]
[Site "Podgorica"]
[Date "2019.05.21"]
[Round "4.12"]
[White "Petrovic, Slavko"]
[Black "Abramovic, Dragoljub"]
[Result "0-1"]
[WhiteElo "1945"]
[BlackElo "2063"]
[Annotator "NA RC"]
[PlyCount "100"]
[EventDate "2019.05.18"]
[EventType "swiss"]
[EventRounds "9"]
[EventCountry "MNE"]
[SourceTitle "playchess.com"]
[Source "ChessBase"]
[SourceQuality "1"]
[TimeControl "40/5400+30:1800+30"]

1. e4 Nc6 2. Nf3 d6 3. Bb5 Nf6 4. Qe2 Bg4 5. c3 a6 6. Ba4 b5 7. Bb3 e6 8. d4 Be7 9. h3 Bh5 10. Bg5 h6 11. Bxf6 Bxf6 12. Nbd2 O-O 13. g4 Bg6 14. h4 Na5 15. Bd1 Nc4 16. Nxc4 bxc4 17. Qe3 d5 18. e5 Be7 19. g5 h5 20. Ng1 Rb8 21. b4 cxb3 22. axb3 a5 23. Nh3 Be4 24. f3 Bf5 25. Nf4 g6 26. Rh2 c5 27. Rha2 Qb6 28. Ne2 Rfc8 29. Rxa5 cxd4 30. Nxd4 Rxc3 31. Qf4 Bb4 32. Rb5 Qxb5 33. Nxb5 Rc4+ 34. Qd2 Rxh4 35. Qxb4 Rxb4 36. Nd6 h4 37. Kf2 Rd4 38. Ke3 Rd3+ 39. Ke2 Rc3 40. Kd2 d4 41. Ra4 Rd3+ 42. Ke2 h3 43. Bc2 h2 44. Ra1 Re3+ 45. Kd2 Bxc2 46. Kxc2 Rxf3 47. Rh1 Rf2+ 48. Kd3 Rxb3+ 49. Kc4 Rg3 50. Ne4 Rc2+ 0-1

[Event "71st MNE-ch 2019"]
[Site "Podgorica"]
[Date "2019.05.21"]
[Round "4.13"]
[White "Djurovic, Peko"]
[Black "Koljevic, Nikolina"]
[Result "1-0"]
[WhiteElo "1898"]
[BlackElo "1964"]
[Annotator "NA RC"]
[PlyCount "67"]
[EventDate "2019.05.18"]
[EventType "swiss"]
[EventRounds "9"]
[EventCountry "MNE"]
[SourceTitle "playchess.com"]
[Source "ChessBase"]
[SourceQuality "1"]
[TimeControl "40/5400+30:1800+30"]

1. e4 c5 2. Nf3 Nc6 3. d4 cxd4 4. Nxd4 Nf6 5. Nc3 e6 6. Nxc6 bxc6 7. e5 Nd5 8. Ne4 Qc7 9. f4 Qb6 10. c4 Bb4+ 11. Ke2 Ba6 12. Kf3 f5 13. exf6 Nxf6 14. c5 Qa5 15. Nxf6+ gxf6 16. Bxa6 Qxa6 17. Be3 Ba5 18. Qa4 Rb8 19. Qd4 O-O 20. Qxd7 Rxb2 21. Qxe6+ Kh8 22. Bd4 Qd3+ 23. Qe3 Rd2 24. Qxd3 Rxd3+ 25. Ke4 Rd2 26. Rad1 Rxg2 27. Kf5 Kg7 28. Rhg1 Rg6 29. Rb1 Rxg1 30. Rxg1+ Kf7 31. Rb1 Bd2 32. Rb7+ Ke8 33. Ke6 Bxf4 34. Rxa7 1-0